000
00281nam a2200121Ia 4500
008
190216s9999||||xx |||||||||||||| ||und||
100
_a
Ramsey A S
245
0
_a
Elementary Calculus
260
_b
Cambridge Uty Press
_c
1962
300
_a
194p
650
_a
Mathematics
942
_c
BK
999
_c
30458
_d
30458